000 00318nam a2200097Ia 4500
008 171024s1995 xx 000 0 und d
100 _aTarasofsky, Richard G
245 4 _aThe International Forests Regime Legal And Policy Issues
260 _aSwitzerland
_bIUCN
_c1995
650 _aLegal - policy issues - forests-elements
999 _c110423
_d110423